[Event "Basel Swiss YM"]
[Site "Basel"]
[Date "2024.04.07"]
[Round "9"]
[White "Mattenberger, Matthias"]
[Black "Fecker, Noah"]
[Result "1-0"]
[WhiteElo "2239"]
[BlackElo "2394"]
[PlyCount "81"]
[EventDate "2024.03.30"]
[EventType "tourn"]
[EventRounds "9"]
[EventCountry "SUI"]
[EventCategory "4"]
[SourceTitle "CB15_2024"]
[SourceDate "2024.04.10"]
[SourceVersion "1"]
[SourceVersionDate "2024.04.10"]
[SourceQuality "1"]

1. d4 d5 2. c4 e6 3. Nc3 Nf6 4. cxd5 exd5 5. Bg5 Bb4 6. e3 h6 7. Bh4 g5 8. Bg3 Ne4 9. Nge2 h5 10. h4 Bg4 11. Qb3 Nxg3 12. Nxg3 Nc6 13. Nge2 Qd6 14. hxg5 0-0-0 15. a3 Ba5 16. Qa4 Qe7 17. Nf4 Qxg5 18. Bb5 Nxd4 19. Qxa5 Nc2+ 20. Kd2 Nxa1 21. Rxa1 Kb8 22. Bd3 c6 23. Qc5 h4 24. Qd4 Rh6 25. Rh1 Bc8 26. b4 b6 27. a4 Bb7 28. a5 c5 29. bxc5 bxc5 30. Qxc5 Rc6 31. Qb4 d4 32. Ne4 dxe3+ 33. fxe3 Qe5 34. Rb1 Rd7 35. Qa4 Kc8 36. Rb5 Qc7 37. Nd5 Qd8 38. Rxb7 Kxb7 39. Qb5+ Rb6 40. axb6 Rxd5 41. Qa6+ 1-0

[Event "Basel Swiss YM"]
[Site "Basel"]
[Date "2024.04.06"]
[Round "8"]
[White "Fecker, Noah"]
[Black "Richter, Nils"]
[Result "1/2-1/2"]
[WhiteElo "2394"]
[BlackElo "2400"]
[PlyCount "55"]
[EventDate "2024.03.30"]
[EventType "tourn"]
[EventRounds "9"]
[EventCountry "SUI"]
[EventCategory "4"]
[SourceTitle "CB15_2024"]
[SourceDate "2024.04.10"]
[SourceVersion "1"]
[SourceVersionDate "2024.04.10"]
[SourceQuality "1"]

1. e4 c6 2. Nf3 d5 3. Nc3 dxe4 4. Nxe4 Nf6 5. Qe2 Nxe4 6. Qxe4 Be6 7. b3 Nd7 8. Bb2 Nf6 9. Qe2 Bg4 10. h3 Bxf3 11. Qxf3 e6 12. g3 Be7 13. Bg2 0-0 14. Qe2 Nd7 15. 0-0 Bf6 16. d4 a5 17. c4 Qb6 18. Qc2 a4 19. Bc3 Rfd8 20. Rfd1 axb3 21. axb3 Rxa1 22. Bxa1 Ra8 23. c5 Qc7 24. b4 g6 25. Bb2 Bg7 26. b5 Nf6 27. b6 Qd8 28. Ra1 1/2-1/2

[Event "Titled Tuesday intern op 06th Feb Early"]
[Site "Chess.com INT"]
[Date "2024.02.06"]
[Round "8"]
[White "Fecker, Noah"]
[Black "Korkmaz, Necmettin"]
[Result "1-0"]
[WhiteElo "2389"]
[BlackElo "2013"]
[PlyCount "53"]
[EventDate "2024.02.06"]
[EventType "swiss (blitz)"]
[EventRounds "11"]
[EventCountry "USA"]
[SourceTitle "CB07_2024"]
[SourceDate "2024.02.14"]
[SourceVersion "1"]
[SourceVersionDate "2024.02.14"]
[SourceQuality "1"]

1. Nf3 d5 2. g3 Nf6 3. Bg2 g6 4. 0-0 Bg7 5. d4 0-0 6. c4 c6 7. cxd5 cxd5 8. Ne5 Nc6 9. Nc3 Ng4 10. Nxc6 bxc6 11. h3 Nf6 12. Bf4 Bf5 13. Rc1 Ne4 14. Nxe4 Bxe4 15. Rxc6 Bxg2 16. Kxg2 Qa5 17. a3 Qb5 18. Rc2 Rac8 19. Be5 Bxe5 20. dxe5 d4 21. Rxc8 Qd5+ 22. e4 Qxe4+ 23. f3 Qxe5 24. Rxf8+ Kxf8 25. Re1 Qd5 26. Qd3 e5 27. Qe4 1-0

[Event "Huelva 3rd"]
[Site "Huelva"]
[Date "2023.12.29"]
[Round "7"]
[White "Ribeiro, Gustavo"]
[Black "Fecker, Noah"]
[Result "1/2-1/2"]
[WhiteElo "2187"]
[BlackElo "2396"]
[PlyCount "116"]
[EventDate "2023.12.26"]
[EventType "tourn"]
[EventRounds "9"]
[EventCountry "ESP"]
[EventCategory "2"]
[SourceTitle "CB01_2024"]
[SourceDate "2024.01.03"]
[SourceVersion "1"]
[SourceVersionDate "2024.01.03"]
[SourceQuality "1"]

1. e4 c6 2. d4 d5 3. Nd2 dxe4 4. Nxe4 Nf6 5. Nxf6+ exf6 6. Bc4 Na6 7. Ne2 Bd6 8. Bf4 Nc7 9. 0-0 0-0 10. c3 Be6 11. Bxe6 Nxe6 12. Bxd6 Qxd6 13. Qb3 Rfe8 14. Rad1 f5 15. Rfe1 Re7 16. d5 Nc5 17. dxc6 Qxc6 18. Nd4 Rxe1+ 19. Rxe1 Re8 20. Qd1 Rxe1+ 21. Qxe1 Qe4 22. Qxe4 fxe4 23. b4 Na4 24. c4 Nb2 25. c5 Nd3 26. c6 bxc6 27. Nxc6 Kf8 28. a3 Ke8 29. Nxa7 Kd7 30. Nb5 f5 31. g4 g6 32. gxf5 gxf5 33. Kf1 Ke6 34. f3 exf3 35. Nd4+ Kd5 36. Nxf3 Kc4 37. Ke2 Nf4+ 38. Kd2 Nd5 39. Ng5 h5 40. Ne6 Kb3 41. b5 Kxa3 42. Nf4 Nb6 43. Nxh5 Kb4 44. Nf6 Kxb5 45. Ke3 Kc5 46. Kf4 Kd6 47. Kxf5 Ke7 48. Kg6 Kf8 49. h4 Nc4 50. Nd7+ Kg8 51. h5 Nd6 52. Ne5 Nc8 53. Nc6 Kh8 54. Ne5 Ne7+ 55. Kf7 Kh7 56. Ng4 Nd5 57. h6 Ne3 58. Nxe3 Kxh6 1/2-1/2

[Event "Wch U20 Blitz"]
[Site "Pula"]
[Date "2023.10.15"]
[Round "7"]
[White "Fecker, Noah"]
[Black "Nesterov, Arseniy"]
[Result "0-1"]
[WhiteElo "2396"]
[BlackElo "2575"]
[PlyCount "58"]
[EventDate "2023.10.14"]
[EventType "swiss (blitz)"]
[EventRounds "11"]
[EventCountry "ITA"]
[SourceTitle "Mega2024 Update 01"]
[Source "Chessbase"]
[SourceDate "2023.11.12"]
[SourceVersion "1"]
[SourceVersionDate "2023.11.12"]
[SourceQuality "1"]

1. e4 e5 2. Nc3 Nf6 3. Bc4 Nc6 4. d3 Na5 5. Bb3 Nxb3 6. axb3 Be7 7. Nf3 d6 8. 0-0 0-0 9. h3 b6 10. Re1 Bb7 11. d4 exd4 12. Nxd4 Re8 13. Bg5 Nxe4 14. Bxe7 Rxe7 15. Nf5 Re5 16. Qg4 Qf6 17. Nxe4 Qxf5 18. Qxf5 Rxf5 19. Ng3 Rc5 20. c3 Kf8 21. b4 Rd5 22. Re2 a5 23. Rae1 axb4 24. Re7 bxc3 25. Rxc7 cxb2 26. Rxb7 Rb5 27. Nf5 b1Q 28. Rxb1 Rxb1+ 29. Kh2 Rd8 0-1

[Event "Wch U20 Blitz"]
[Site "Pula"]
[Date "2023.10.14"]
[Round "4"]
[White "Fecker, Noah"]
[Black "Isanzhulov, Arystan"]
[Result "0-1"]
[WhiteElo "2396"]
[BlackElo "2439"]
[PlyCount "64"]
[EventDate "2023.10.14"]
[EventType "swiss (blitz)"]
[EventRounds "11"]
[EventCountry "ITA"]
[SourceTitle "Mega2024 Update 01"]
[Source "Chessbase"]
[SourceDate "2023.11.12"]
[SourceVersion "1"]
[SourceVersionDate "2023.11.12"]
[SourceQuality "1"]

1. e4 c5 2. Nf3 Nc6 3. Bb5 g6 4. c3 Bg7 5. d4 Qb6 6. Bxc6 dxc6 7. 0-0 Bg4 8. dxc5 Qxc5 9. h3 Rd8 10. Qe2 Be6 11. Be3 Qc4 12. Qxc4 Bxc4 13. Re1 b6 14. Nbd2 Bd3 15. Bd4 f6 16. e5 Kf7 17. exf6 exf6 18. Re3 Ba6 19. Ne4 h6 20. b4 Ne7 21. Nh2 Nf5 22. Ree1 Nxd4 23. cxd4 Rxd4 24. Rac1 Re8 25. f3 f5 26. Nf2 Rxe1+ 27. Rxe1 Rd2 28. Nf1 Bxf1 29. Kxf1 Bd4 30. Re2 Rxe2 31. Kxe2 Bxf2 32. Kxf2 Ke6 0-1

[Event "Wch U20 Rapid"]
[Site "Pula"]
[Date "2023.10.12"]
[Round "11"]
[White "Fecker, Noah"]
[Black "Abdilkhair, Abilmansur"]
[Result "1-0"]
[WhiteElo "2396"]
[BlackElo "2258"]
[PlyCount "51"]
[EventDate "2023.10.10"]
[EventType "swiss (rapid)"]
[EventRounds "11"]
[EventCountry "ITA"]
[SourceTitle "Mega2024 Update 01"]
[Source "Chessbase"]
[SourceDate "2023.11.12"]
[SourceVersion "1"]
[SourceVersionDate "2023.11.12"]
[SourceQuality "1"]

1. e4 c6 2. Nf3 d5 3. Nc3 dxe4 4. Nxe4 Nf6 5. Qe2 Nxe4 6. Qxe4 Be6 7. b3 Nd7 8. Bb2 Nf6 9. Qe2 Bf5 10. 0-0-0 e6 11. Ne5 Bd6 12. Re1 0-0 13. g4 Be4 14. Rg1 Qc7 15. f4 Bg6 16. h4 h5 17. Nxg6 fxg6 18. gxh5 Bxf4 19. Rxg6 Rad8 20. Qxe6+ Qf7 21. Bxf6 Qxe6 22. Rxe6 Bxd2+ 23. Kb2 Bh6 24. Bxd8 Rxf1 25. Bg5 Bxg5 26. hxg5 1-0

[Event "Wch U20 Rapid"]
[Site "Pula"]
[Date "2023.10.11"]
[Round "7"]
[White "Gharibyan, Mamikon"]
[Black "Fecker, Noah"]
[Result "1-0"]
[WhiteElo "2495"]
[BlackElo "2396"]
[PlyCount "187"]
[EventDate "2023.10.10"]
[EventType "swiss (rapid)"]
[EventRounds "11"]
[EventCountry "ITA"]
[SourceTitle "Mega2024 Update 01"]
[Source "Chessbase"]
[SourceDate "2023.11.12"]
[SourceVersion "1"]
[SourceVersionDate "2023.11.12"]
[SourceQuality "1"]

1. d4 d5 2. c4 e6 3. Nf3 a6 4. cxd5 exd5 5. Nc3 Nf6 6. Bg5 Be6 7. e3 Nbd7 8. Bd3 Bd6 9. h3 c6 10. Bf4 Qc7 11. Qd2 0-0 12. 0-0 Rfe8 13. a3 Nb6 14. b3 Rad8 15. Bxd6 Qxd6 16. Qc2 g6 17. Rfc1 Qe7 18. Ne2 Nc8 19. Nf4 Nd6 20. a4 Bf5 21. Bxf5 Nxf5 22. Ne5 Ne4 23. Qe2 Qg5 24. Qg4 Qe7 25. Rc2 Nfd6 26. h4 f6 27. Ned3 Qd7 28. Qxd7 Rxd7 29. g4 Nf7 30. f3 Ned6 31. Kf2 Rde7 32. Re2 Kg7 33. Nc5 h6 34. Rg1 Nd8 35. Rg2 N8f7 36. Rg1 Nd8 37. Rb1 g5 38. hxg5 hxg5 39. Nh5+ Kg6 40. Nd3 N8f7 41. Ng3 Rh8 42. Kg2 Rhe8 43. Kf2 Rh8 44. Kg2 Nd8 45. Rh1 Rxh1 46. Nxh1 Ne6 47. Ng3 Rh7 48. Rd2 Re7 49. Rd1 Rh7 50. Nc5 Kf7 51. Re1 Rh8 52. Nd3 Rh7 53. Rd1 Rh8 54. Re1 Rh7 55. Nf5 Nxf5 56. gxf5 Ng7 57. e4 Rh8 58. Nc5 Rb8 59. Kf2 a5 60. Rh1 b6 61. Nd3 Rd8 62. Ke3 Re8 63. Nf2 Nxf5+ 64. Kd3 dxe4+ 65. fxe4 Nh4 66. Rc1 Rc8 67. Ng4 Ng2 68. Rh1 Nf4+ 69. Ke3 Kg7 70. Nh6 Ng2+ 71. Kd3 Nf4+ 72. Ke3 Ng2+ 73. Kd3 Nh4 74. Ng4 Ng6 75. Rf1 Nf4+ 76. Kc4 Re8 77. Re1 Kg6 78. e5 f5 79. Nf6 Rd8 80. Rf1 Ne6 81. d5 cxd5+ 82. Nxd5 Rc8+ 83. Kd3 Rd8 84. Kc4 g4 85. Ne7+ Kf7 86. Nxf5 Rc8+ 87. Kd5 Rc5+ 88. Kd6 Ng5 89. e6+ Kg6 90. e7 Ne4+ 91. Ke6 Rc8 92. Kd7 Rh8 93. e8Q+ Rxe8 94. Kxe8 1-0

[Event "Wch U20 Rapid"]
[Site "Pula"]
[Date "2023.10.10"]
[Round "3"]
[White "Fecker, Noah"]
[Black "Muradli, Mahammad"]
[Result "0-1"]
[WhiteElo "2396"]
[BlackElo "2550"]
[PlyCount "84"]
[EventDate "2023.10.10"]
[EventType "swiss (rapid)"]
[EventRounds "11"]
[EventCountry "ITA"]
[SourceTitle "Mega2024 Update 01"]
[Source "Chessbase"]
[SourceDate "2023.11.12"]
[SourceVersion "1"]
[SourceVersionDate "2023.11.12"]
[SourceQuality "1"]

1. e4 c5 2. Nf3 d6 3. Bb5+ Bd7 4. Bxd7+ Nxd7 5. 0-0 Ngf6 6. Qe2 e6 7. b3 Be7 8. Bb2 0-0 9. d4 cxd4 10. Nxd4 Qb6 11. c4 Rfe8 12. Rd1 Rac8 13. Nc3 a6 14. Rac1 Qa7 15. Kh1 Bd8 16. f4 Bb6 17. Na4 Bc7 18. Nf3 b5 19. cxb5 axb5 20. Nc3 b4 21. Nb5 Qa6 22. Nfd4 Bb8 23. Rxc8 Rxc8 24. Nxd6 Qxd6 25. e5 Qb6 26. exf6 Nxf6 27. f5 e5 28. Nc2 h6 29. Ne3 Qa7 30. Ba1 Ne4 31. Rf1 Nc3 32. Bxc3 bxc3 33. f6 g6 34. Ng4 h5 35. Ne3 e4 36. Nc4 Qd4 37. Qd1 Rxc4 38. bxc4 Qxd1 39. Rxd1 Bf4 40. c5 c2 41. Rf1 c1Q 42. Rxc1 Bxc1 0-1

[Event "Wch U20 Rapid"]
[Site "Pula"]
[Date "2023.10.10"]
[Round "2"]
[White "Fecker, Noah"]
[Black "Sahidi, Samir"]
[Result "1/2-1/2"]
[WhiteElo "2396"]
[BlackElo "2476"]
[PlyCount "91"]
[EventDate "2023.10.10"]
[EventType "swiss (rapid)"]
[EventRounds "11"]
[EventCountry "ITA"]
[SourceTitle "Mega2024 Update 01"]
[Source "Chessbase"]
[SourceDate "2023.11.12"]
[SourceVersion "1"]
[SourceVersionDate "2023.11.12"]
[SourceQuality "1"]

1. e4 e5 2. Nf3 Nc6 3. Bb5 Nf6 4. 0-0 Nxe4 5. Re1 Nd6 6. a4 Be7 7. Nc3 a6 8. Bf1 e4 9. Nxe4 Nxe4 10. Rxe4 d5 11. Re1 0-0 12. d4 Bf5 13. c3 Qd7 14. Bf4 Rfe8 15. Bd3 Bxd3 16. Qxd3 Bd6 17. Ng5 g6 18. Qh3 Qxh3 19. Nxh3 Re6 20. Bxd6 Rxd6 21. Nf4 Kf8 22. Re2 Re8 23. Rae1 Rxe2 24. Rxe2 b6 25. Kf1 Nd8 26. Re5 c6 27. Ke2 f6 28. Re3 Kf7 29. h4 a5 30. Kd2 Rd7 31. Re1 Re7 32. Rxe7+ Kxe7 33. b4 Nb7 34. h5 g5 35. Nd3 Nd6 36. Kc2 Ne4 37. bxa5 bxa5 38. g4 Nd6 39. Nc5 f5 40. f3 fxg4 41. fxg4 Nc4 42. Kd3 Nb6 43. Ke3 Nc4+ 44. Kd3 Nd6 45. Ke3 Nc4+ 46. Kd3 1/2-1/2

[Event "Wch U20 60th"]
[Site "Mexico City"]
[Date "2023.09.28"]
[Round "7"]
[White "Fecker, Noah"]
[Black "Woodward, Andy"]
[Result "1/2-1/2"]
[WhiteElo "2396"]
[BlackElo "2480"]
[PlyCount "75"]
[EventDate "2023.09.21"]
[EventType "swiss"]
[EventRounds "11"]
[EventCountry "MEX"]
[SourceTitle "EXT 2024"]
[Source "ChessBase"]
[SourceDate "2023.10.10"]
[SourceVersion "1"]
[SourceVersionDate "2023.10.10"]
[SourceQuality "1"]

1. e4 c5 2. Nf3 d6 3. d4 cxd4 4. Nxd4 Nf6 5. Nc3 a6 6. a4 e5 7. Nf3 Be7 8. Bg5 Be6 9. Bxf6 Bxf6 10. Nd5 Nd7 11. Bc4 Rc8 12. Qe2 Nb6 13. Nxb6 Qxb6 14. Bxe6 fxe6 15. c3 0-0 16. 0-0 d5 17. a5 Qc7 18. Rfd1 Rfd8 19. Ra4 Rd7 20. h3 g6 21. Rb4 Qxa5 22. exd5 exd5 23. Nxe5 Re7 24. Qg4 Rce8 25. Nf3 Qc5 26. Rd2 b5 27. Rf4 Kg7 28. Rf5 Qc7 29. g3 d4 30. Nxd4 Qc4 31. Kh2 Re1 32. Rxf6 Kxf6 33. Qh4+ Kf7 34. Qxh7+ Kf6 35. Qh4+ Kf7 36. Qh7+ Kf6 37. Qh4+ Kf7 38. Qh7+ 1/2-1/2

[Event "Wch U20 60th"]
[Site "Mexico City"]
[Date "2023.09.23"]
[Round "4"]
[White "Zacarias Rodriguez, Santiago"]
[Black "Fecker, Noah"]
[Result "1/2-1/2"]
[WhiteElo "2100"]
[BlackElo "2396"]
[PlyCount "45"]
[EventDate "2023.09.21"]
[EventType "swiss"]
[EventRounds "11"]
[EventCountry "MEX"]
[SourceTitle "EXT 2024"]
[Source "ChessBase"]
[SourceDate "2023.10.10"]
[SourceVersion "1"]
[SourceVersionDate "2023.10.10"]
[SourceQuality "1"]

1. e4 c5 2. Nf3 e6 3. d4 cxd4 4. Nxd4 Nc6 5. Nc3 Qc7 6. Ncb5 Qb8 7. Bd3 a6 8. Nxc6 bxc6 9. Nc3 Nf6 10. 0-0 Bc5 11. Kh1 h5 12. f4 e5 13. fxe5 Ng4 14. Qe2 Bd4 15. Bc4 0-0 16. Rxf7 Rxf7 17. Bxf7+ Kf8 18. Bxh5 Nf2+ 19. Kg1 Ng4+ 20. Kh1 Nf2+ 21. Kg1 Ng4+ 22. Kh1 Nf2+ 23. Kg1 1/2-1/2

[Event "Titled Tuesday intern op 05th Sep Early"]
[Site "Chess.com INT"]
[Date "2023.09.05"]
[Round "5"]
[White "Fecker, Noah"]
[Black "Amanov, Zhanibek"]
[Result "1-0"]
[WhiteElo "2396"]
[BlackElo "2283"]
[PlyCount "65"]
[EventDate "2023.09.05"]
[EventType "swiss (blitz)"]
[EventRounds "11"]
[EventCountry "USA"]
[SourceTitle "EXT 2024"]
[Source "ChessBase"]
[SourceDate "2023.10.10"]
[SourceVersion "1"]
[SourceVersionDate "2023.10.10"]
[SourceQuality "1"]

1. c4 g6 2. h4 Bg7 3. h5 gxh5 4. Rxh5 Nf6 5. Rh1 0-0 6. Nc3 d5 7. cxd5 Nxd5 8. Qc2 f5 9. e4 Nxc3 10. Bc4+ Kh8 11. bxc3 fxe4 12. Qxe4 Bf5 13. Qh4 Nd7 14. Nf3 Ne5 15. Nxe5 Bxe5 16. d4 Bg7 17. Bg5 Bf6 18. g4 Bxg5 19. Qxg5 e5 20. Qxd8 Raxd8 21. gxf5 exd4 22. Be6 dxc3 23. Rc1 Rd3 24. Rg1 Rfd8 25. Ke2 Rd2+ 26. Ke3 R8d3+ 27. Ke4 Rd8 28. Rxc3 Rxf2 29. Rxc7 h5 30. Rg6 Re2+ 31. Kf3 Rxe6 32. fxe6 Rf8+ 33. Kg3 1-0

[Event "SUI-chT"]
[Site "Switzerland"]
[Date "2023.08.27"]
[Round "7.5"]
[White "Brunner, Nicolas"]
[Black "Fecker, Noah"]
[Result "1/2-1/2"]
[WhiteElo "2430"]
[BlackElo "2388"]
[PlyCount "37"]
[EventDate "2023.04.16"]
[EventType "team-tourn"]
[EventRounds "9"]
[EventCountry "SUI"]
[SourceTitle "EXT 2024"]
[Source "ChessBase"]
[SourceDate "2023.10.10"]
[SourceVersion "1"]
[SourceVersionDate "2023.10.10"]
[SourceQuality "1"]
[WhiteTeam "Riehen"]
[BlackTeam "Zuerich"]
[WhiteTeamCountry "SUI"]
[BlackTeamCountry "SUI"]

1. d4 d5 2. c4 e6 3. Nf3 Nf6 4. Nc3 a6 5. cxd5 exd5 6. Bg5 Be6 7. e3 Nbd7 8. h3 Bd6 9. Bd3 c6 10. Bf4 Qc7 11. Qd2 0-0 12. 0-0 Nh5 13. Bxd6 Qxd6 14. e4 dxe4 15. Nxe4 Qd5 16. Nc3 Qd6 17. Ne4 Qd5 18. Nc3 Qd6 19. Ne4 1/2-1/2

[Event "SUI-ch Rapid"]
[Site "Biel"]
[Date "2023.07.30"]
[Round "2"]
[White "Fecker, Noah"]
[Black "Valkova, Angelika"]
[Result "1-0"]
[WhiteElo "2392"]
[BlackElo "2057"]
[PlyCount "71"]
[EventDate "2023.07.30"]
[EventType "swiss (rapid)"]
[EventRounds "9"]
[EventCountry "SUI"]
[SourceTitle "CBM 215 Extra"]
[Source "ChessBase"]
[SourceDate "2023.09.30"]
[SourceVersion "1"]
[SourceVersionDate "2023.09.30"]
[SourceQuality "1"]

1. e4 d5 2. exd5 Qxd5 3. Nc3 Qa5 4. d4 Nf6 5. Bc4 Bf5 6. Nf3 e6 7. Bd2 Bb4 8. a3 Bxc3 9. Bxc3 Qb6 10. 0-0 Nc6 11. b4 0-0-0 12. Qe1 Nd5 13. b5 Nce7 14. Bb2 Bxc2 15. a4 a5 16. Ba3 Qa7 17. Bc5 b6 18. Ba3 Bg6 19. Ne5 Qb7 20. Rc1 Rhe8 21. Nc6 Rd7 22. Qe5 Nf5 23. Rfe1 f6 24. Qe2 Nxd4 25. Qd2 e5 26. Qa2 Nf4 27. g3 Nd3 28. Bxd3 Bxd3 29. Rcd1 Nf3+ 30. Kg2 Nxe1+ 31. Rxe1 Rd4 32. Kg1 Bc4 33. Qc2 Bd3 34. Qa2 Rxa4 35. Qf7 Rh8 36. Qe6# 1-0

[Event "SUI-ch Rapid"]
[Site "Biel"]
[Date "2023.07.30"]
[Round "3"]
[White "Naarden, Amindo"]
[Black "Fecker, Noah"]
[Result "0-1"]
[WhiteElo "1985"]
[BlackElo "2392"]
[PlyCount "62"]
[EventDate "2023.07.30"]
[EventType "swiss (rapid)"]
[EventRounds "9"]
[EventCountry "SUI"]
[SourceTitle "CBM 215 Extra"]
[Source "ChessBase"]
[SourceDate "2023.09.30"]
[SourceVersion "1"]
[SourceVersionDate "2023.09.30"]
[SourceQuality "1"]

1. c4 c5 2. g3 Nc6 3. Nc3 g6 4. Bg2 Bg7 5. Nf3 e5 6. 0-0 d6 7. d3 Nge7 8. e4 0-0 9. h3 a6 10. Kh2 Rb8 11. a4 h6 12. Be3 f5 13. Qd2 Kh7 14. Rae1 Be6 15. Nd5 b5 16. axb5 axb5 17. b3 Bg8 18. Nh4 f4 19. gxf4 Nxd5 20. Nxg6 Nxf4 21. Nxf8+ Qxf8 22. Bxf4 exf4 23. e5 f3 24. Bh1 Bxe5+ 25. Rxe5 Nxe5 26. d4 cxd4 27. Qxd4 bxc4 28. bxc4 Bxc4 29. Rg1 Qf5 30. Qxd6 Qf4+ 31. Rg3 Ng4+ 0-1

[Event "SUI-ch Blitz"]
[Site "Biel"]
[Date "2023.07.29"]
[Round "10"]
[White "Fecker, Noah"]
[Black "Ammar, Sedrani"]
[Result "1/2-1/2"]
[WhiteElo "2392"]
[BlackElo "2154"]
[PlyCount "103"]
[EventDate "2023.07.29"]
[EventType "swiss (blitz)"]
[EventRounds "13"]
[EventCountry "SUI"]
[SourceTitle "CBM 215 Extra"]
[Source "ChessBase"]
[SourceDate "2023.09.30"]
[SourceVersion "1"]
[SourceVersionDate "2023.09.30"]
[SourceQuality "1"]

1. e4 c6 2. d4 d5 3. Nc3 dxe4 4. Nxe4 Nf6 5. Nxf6+ exf6 6. Be3 Bd6 7. Bd3 0-0 8. Ne2 Re8 9. 0-0 Nd7 10. c4 Nf8 11. Re1 h5 12. h3 h4 13. Qb3 Bb8 14. d5 g5 15. Bd4 Qd6 16. f4 Rxe2 17. Bxe2 Qxf4 18. Qe3 Qh2+ 19. Kf1 Bg3 20. Qg1 Qxg1+ 21. Kxg1 Bxe1 22. Rxe1 f5 23. Bd3 Bd7 24. Re7 cxd5 25. cxd5 b6 26. Bf6 g4 27. Bxh4 gxh3 28. gxh3 Rc8 29. Bg5 Rc5 30. Re5 Ng6 31. Re2 Rxd5 32. Bc4 Rd4 33. Bb3 Re4 34. Rd2 Be6 35. Bf6 Bxb3 36. Rd8+ Kh7 37. axb3 Re6 38. Bc3 f4 39. h4 Kh6 40. Kf2 Kh5 41. Kf3 Re3+ 42. Kf2 Kxh4 43. Rd7 Kg4 44. Rxf7 Rf3+ 45. Ke2 Rh3 46. Rxa7 Rh2+ 47. Kd3 f3 48. Rg7 Kf5 49. Rf7+ Kg4 50. Rg7 Kf5 51. Rf7+ Kg4 52. Rg7 1/2-1/2

[Event "SUI-ch Blitz"]
[Site "Biel"]
[Date "2023.07.29"]
[Round "8"]
[White "Manko, Mariya"]
[Black "Fecker, Noah"]
[Result "1/2-1/2"]
[WhiteElo "2145"]
[BlackElo "2392"]
[PlyCount "75"]
[EventDate "2023.07.29"]
[EventType "swiss (blitz)"]
[EventRounds "13"]
[EventCountry "SUI"]
[SourceTitle "CBM 215 Extra"]
[Source "ChessBase"]
[SourceDate "2023.09.30"]
[SourceVersion "1"]
[SourceVersionDate "2023.09.30"]
[SourceQuality "1"]

1. d4 d5 2. c4 e6 3. Nf3 a6 4. g3 dxc4 5. Bg2 Nc6 6. 0-0 Rb8 7. e4 Nf6 8. Nc3 Be7 9. Qe2 b5 10. Rd1 0-0 11. d5 exd5 12. e5 d4 13. exf6 Bxf6 14. Ne4 Bf5 15. Nxf6+ Qxf6 16. Bg5 Qg6 17. Nh4 Qxg5 18. Nxf5 d3 19. Qe4 Rfe8 20. Qxc6 Qxf5 21. Re1 Rxe1+ 22. Rxe1 g6 23. Qxc7 Rf8 24. Qd6 a5 25. Re5 Qg4 26. f3 Qc8 27. Rd5 Re8 28. f4 Qg4 29. Re5 Qd1+ 30. Bf1 Rxe5 31. Qd8+ Kg7 32. fxe5 Qf3 33. Qd4 Kf8 34. Qd8+ Kg7 35. Qd4 Kg8 36. Qd8+ Kg7 37. Qd4 Kh6 38. Qh4+ 1/2-1/2

[Event "SUI-ch 122nd"]
[Site "Leukerbad"]
[Date "2023.07.22"]
[Round "8"]
[White "Fecker, Noah"]
[Black "Loetscher, Roland"]
[Result "1/2-1/2"]
[WhiteElo "2392"]
[BlackElo "2386"]
[PlyCount "51"]
[EventDate "2023.07.15"]
[EventType "tourn"]
[EventRounds "9"]
[EventCountry "SUI"]
[EventCategory "5"]
[SourceTitle "CBM 215 Extra"]
[Source "ChessBase"]
[SourceDate "2023.09.30"]
[SourceVersion "1"]
[SourceVersionDate "2023.09.30"]
[SourceQuality "1"]

1. e4 c6 2. d4 d5 3. Nc3 dxe4 4. Nxe4 Bf5 5. Ng3 Bg6 6. h4 h6 7. Nf3 Nd7 8. h5 Bh7 9. Bd3 Bxd3 10. Qxd3 e6 11. Bd2 Ngf6 12. 0-0-0 Be7 13. Kb1 0-0 14. Ne4 c5 15. Nxf6+ Bxf6 16. d5 Re8 17. g4 exd5 18. g5 hxg5 19. h6 Qb6 20. c3 g4 21. Ng5 Bxg5 22. hxg7 Qg6 23. Qxg6 fxg6 24. Bxg5 Kxg7 25. Rxd5 Nf8 26. Bh6+ 1/2-1/2

[Event "SUI-ch 122nd"]
[Site "Leukerbad"]
[Date "2023.07.19"]
[Round "5"]
[White "Fecker, Noah"]
[Black "Gallagher, Joseph G"]
[Result "1-0"]
[WhiteElo "2392"]
[BlackElo "2432"]
[PlyCount "109"]
[EventDate "2023.07.15"]
[EventType "tourn"]
[EventRounds "9"]
[EventCountry "SUI"]
[EventCategory "5"]
[SourceTitle "CBM 215 Extra"]
[Source "ChessBase"]
[SourceDate "2023.09.30"]
[SourceVersion "1"]
[SourceVersionDate "2023.09.30"]
[SourceQuality "1"]

1. e4 c5 2. Nf3 e6 3. d4 cxd4 4. Nxd4 Nc6 5. Nc3 d6 6. Be3 Nf6 7. Be2 Be7 8. g4 h6 9. Rg1 g5 10. Qd2 a6 11. 0-0-0 Ne5 12. h4 Nfd7 13. hxg5 hxg5 14. Rh1 Rg8 15. Rh5 Nf8 16. Nf3 f6 17. Nxe5 dxe5 18. Qxd8+ Bxd8 19. Na4 Bd7 20. Nb6 Bxb6 21. Bxb6 Rc8 22. f3 Kf7 23. b3 Bc6 24. Bc4 Nd7 25. Rh7+ Rg7 26. Rxg7+ Kxg7 27. Be3 Kf7 28. Rh1 Nf8 29. Bb6 Nd7 30. Be3 Nf8 31. Kb2 b5 32. Be2 Rd8 33. Kc3 a5 34. a3 Rc8 35. Kb2 Kg6 36. Bb6 a4 37. b4 Nd7 38. Be3 Kg7 39. Rd1 Kf7 40. Rh1 Kg7 41. Rd1 Kf7 42. Rd3 Ke7 43. Rc3 Kd8 44. Ba7 Rc7 45. Bc5 Rb7 46. Be7+ Kc7 47. Bd8+ Kxd8 48. Rxc6 Ke7 49. Kc3 Rb8 50. Kd2 Rd8 51. Ke3 Rb8 52. Ra6 Rb7 53. Ra5 Rc7 54. Bxb5 Nb6 55. Kd3 1-0